| 000 | 01249aam a2200313 i 4500 | ||
|---|---|---|---|
| 999 |
_c44771 _d44771 |
||
| 001 | 18322 | ||
| 003 | CO-MdBIC | ||
| 005 | 20190528153754.0 | ||
| 008 | 190516t1973 sp |||| |||| 00| 0 spa d | ||
| 020 | _a8430058419 | ||
| 040 |
_aCO-MdFUSB _bspa _cCO-MdFUSB _dCO-MdFUSBC _erda |
||
| 041 | _aspa | ||
| 082 |
_227 _a270.6 _bZ98zu |
||
| 100 |
_aZwingli, Ulrich, _eautor |
||
| 245 | 1 | 0 |
_aZuinglio _c/ Ulrich Zwingli ; presentacion y seleccion Dr. M. Gutierrez Marín. |
| 264 | 1 |
_aEspaña : _bProducciones Editoriales del Nordeste, _c[1973] |
|
| 264 | 4 | _c© 1973 | |
| 300 |
_a255 páginas _c; 19 cm |
||
| 336 |
_atexto _btxt _2rdacontent |
||
| 337 |
_2rdamedia _asin mediación _bn |
||
| 338 |
_2rdacarrier _avolumen _bnc |
||
| 490 | _aAntología | ||
| 504 | _aIncluye bibliografía (páginas 253-255) | ||
| 505 | 0 | _aLas 67 conclusiones y su explicación. -- Súplica al obispo de Constanza. -- Amonestación del obispo de Constanza y respuesta de Zuinglio. -- Sermones. -- Música y liturgia. -- Breve introducción cristiana. -- Comentario sobre la verdadera y la falsa religión. -- El coloquio de Marburgo. -- Consejos de reyes. | |
| 563 | _aRústico | ||
| 650 | 7 |
_9221 _aReforma _y1484-1531 _vAntología. |
|
| 942 | _cBK | ||
| 945 | _aJTF-925 | ||